Quizzes
Events
Quiz Creation
Community
Videos
Private Events
Remove Ads
Sign In
Join for FREE
Feedback
Dark Mode
Quiz Categories
Sports
Geography
Music
Movies
Television
Just For Fun
Miscellaneous
History
Literature
Language
Science
Gaming
Entertainment
Religion
Holiday
For Kids
Quiz Lab
Recent
Popular Today
Quiz Kudos Today
Editor Picks
Curator Picks
Quizzes by...
Day
Popularity
Type
Ratings
Length
Year
Community
Subscriptions
Recent Discussions
Orange Saloon
Badges
Playlists
Quests
Create
Leaderboards
Showdown
Live 5
Trivia Bingo
Activity
Puzzle Library
Sporcle Events
Private Events
Virtual Trivia
Globe League
Become a Host
Pub Owners
SporcleCon
Opinionation
Our Games
Videos
Blog
Mobile Apps
Partnerships
Remove Ads and Go Orange
Feedback
Movies
Disney
Marvel Cinematic Universe
Movie Resume
Movie Titles
Oscar
Actor
Actress
Director
Pixar
Role
Movie Quotes
Movie Characters
Box Office
Nominee
Best Picture
Star Wars
James Bond
Horror Movies
Movies
Disney
Marvel Cinematic Universe
Movie Resume
Movie Titles
Oscar
Actor
Actress
Director
Pixar
Role
Movie Quotes
Movie Characters
Box Office
Nominee
Best Picture
Star Wars
James Bond
Horror Movies
Random Quiz
Search Sporcle
×
Quiz Lab
Quiz Lab
Movies
Movie Resume
Type in answers that appear in a list
Type in answers that appear in a list
Classic
Best Score? Go Orange.
Jeremy Irons Movies Stats
How many movies can you name, in which Jeremy Irons appeared?
By
sekula32
9m
53 Questions
146 Plays
146 Plays
146 Plays
Comments
Comments
Give Quiz Kudos
Give Quiz Kudos
-
- Ratings
hide this ad
More Info
Replay
Link that replays current quiz
Next Quiz
Link to next quiz in quiz playlist
You Got
0%
They Got
Avg Score
44%
Avg Friend Score
Upgrade to see
Score Distribution
Jump to the score distribution portion of the page
Score
0/53
Timer
09:00
0
Plays Today
Year
Title
% Correct
1994
The Lion King
93.8%
1995
Die Hard with a Vengeance
87%
1997
Lolita
76.7%
1990
Reversal of Fortune
75.3%
1988
Dead Ringers
69.2%
2016
Batman v Superman: Dawn of Justice
67.8%
1986
The Mission
63%
1998
The Man in the Iron Mask
61.6%
1991
Kafka
59.6%
1981
The French Lieutenant's Woman
58.9%
2000
Dungeons & Dragons
52.1%
2004
The Merchant of Venice
52.1%
2006
Eragon
48.6%
1993
M. Butterfly
47.9%
2002
The Time Machine
47.9%
1992
Damage
47.3%
1993
The House of the Spirits
47.3%
2011
Margin Call
47.3%
1983
Betrayal
46.6%
2016
Assassin's Creed
46.6%
2005
Casanova
45.9%
2005
Kingdom of Heaven
44.5%
1984
Swann in Love
41.8%
2008
Appaloosa
41.8%
2013
Beautiful Creatures
40.4%
2012
The Words
39.7%
1982
Moonlighting
39%
Year
Title
% Correct
2009
The Pink Panther 2
38.4%
1992
Waterland
37.7%
2015
High-Rise
36.3%
2015
The Man Who Knew Infinity
36.3%
1989
A Chorus of Disapproval
35.6%
2004
Being Julia
35.6%
1980
Nijinsky
34.9%
1996
Stealing Beauty
34.9%
2002
Callas Forever
34.9%
2013
Night Train to Lisbon
34.9%
2016
Race
34.9%
1997
Chinese Box
34.2%
2001
The Fourth Angel
34.2%
2002
And Now... Ladies and Gentlemen...
34.2%
2009
Georgia O'Keeffe
34.2%
1989
Roald Dahl's Danny the Champion of the World
33.6%
2006
Inland Empire
33.6%
2016
Correspondence
32.9%
1984
The Wild Duck
32.2%
1999
Faeries
32.2%
2002
Fitzgerald
31.5%
1990
Australia
30.1%
2000
Longitude
29.5%
1991
The Beggar's Opera
28.8%
2004
Mathilde
28.8%
2016
Their Finest
28.1%
Quiz Playlist
Details
Report
Send in Message
Add To Playlist
More Info:
Feature and TV-Movies count, Short and Documentary movies don't.
Classic:
Type in answers that appear in a list
Last Updated: Aug 5, 2017
Quiz Scoreboard
CHALLENGE
Sign Up to Join the Scoreboard
Show All
Scores
Hide
Comments
May contain spoilers
Recently Published
College Basketball Coaching Resumes
by pancakes188
Sports
9m
Billboard Blitz: Fleetwood Mac
by CooCooCachoo
Music
15s
Presidents Visiting Landmarks
by Hejman
History
7m
More to Explore
Quiz From the Vault
Featured Blog Post
Where Did the Easter Bunny Come From?
hide this ad
You Might Also Like...
Tags
Actor Quiz
Movie Resume Quiz
Filmography
Jeremy Irons
Movie Stars
Today's Top Quizzes in Movies
Browse Movies
hide this ad
Today's Top Quizzes in Movie Resume
Browse Movie Resume
Top Contributed Quizzes in Movies
1
Pick 5 Posters: Directed by Spielberg
2
7-to-1: Pixar Characters
3
Pick 5 Posters: Lowest-Rated Spielberg
4
Pick 5 Posters: Directed by Scorsese
5
Sorting Actors
6
Sorting Actresses
7
Pick 5 Posters: Star & Director
8
Pick 5 Posters: Women Directed 2020s
9
12 Movies about Fictional 1960s Events
10
Multi-Oscar Nominations, One Movie, One Winner
Explore More
Trending Topics
Kpop
Marvel
Harry Potter
Anime
Crossword
Disney
NBA
Pokémon
Country
NFL
Soccer
Puzzle
The Office
WWE
Song
hide this ad
More By:
sekula32
Quiz
Plays
Rating
Category
Featured
Created
Movie Quote Matching Pieces
45,128
4.74
Movies
Aug 3, 2017
Fill in the Name: Film Quotes
36,173
4.44
Movies
Jul 8, 2017
Movie Titles Missing Articles: 'A, An or The?'
30,592
4.19
Movies
Aug 8, 2017
One Actor, Two TV Shows
23,085
4.33
Television
Jul 11, 2017
Historical events of the 20th century in order.
2,288
4.00
History
Jul 2, 2017
Go to Creator's Profile
Score Distribution
Quiz Creator Spotlight
sekula32
Follow
Send a Message
Quizzes Created
-
Created Quiz Play Count
-
More By This Creator
Popular Quizzes Today
1
Find the US States - No Outlines Minefield
2
Find the Countries of Europe - No Outlines Minefield
3
The Countries of the World
4
Find the US States
5
Risky Map Clicking: Biggest States A-Z
6
US States
7
Popular People in 1961
8
Movies - When Are They Set?
More Movies Quizzes
MCU Appearances - Thor Odinson
Quiz Lab
Trending Quizzes
Risky Map Clicking: Least Populous States A-Z
1-10 Letter G Words
1-10 Letter F Words
Risky Map Clicking: Next State Alphabetically
Risky Map Clicking: Biggest States A-Z
Recently Updated
Leaping Animals
pecheneg
Reality TV Shows (A-Z)
bhenderson79
Rickey Henderson's Hall of Fame Teammates
pecheneg
Champions League XIs: Arsenal
pecheneg
Quick Pick: Celebrities in WWE's Hall of Fame
aduchscher
A-Z Keypad Blitz II
pecheneg
Multiple Oscar Actors
pecheneg
Mystery Phrase Blitz: Oscar 'Best Actors'
pecheneg
F. Scott Fitzgerald Novels
LTH
Pick 3 Villains
ddd62291
Trending Topics
Marvel
Harry Potter
Disney
Anime
Kpop
NBA
Crossword
NFL
Soccer
Song
WWE
Puzzle
Country
Pokémon
The Office
Your Account Isn't Verified!
In order to create a playlist on Sporcle, you need to verify the email address you used during registration. Go to your
Sporcle Settings
to finish the process.
Report this User
Report this user for behavior that violates our
Community Guidelines
.
Details:
Send Report
Go to the Sporcle.com Mobile Site →
Comments